TV/Book Mashups by Plot Quiz Stats

 Plays Quiz Updated Feb 7, 2016

Challenge
Share
Tweet
Embed
Score 0/16 Timer 06:00
1 Play Today
% Correct
The Simple Life of Pi
94.4%
Orange is the New Black Beauty
93.6%
The Big Bang Theory of Moral Sentiments
93.4%
Charlie's Angels and Demons
92.8%
Sex and the City of Ember
92.3%
Six Feet Under the Tuscan Sun
91.9%
The Newsroom of One’s Own
91.1%
Big Brothers Karamazov
90.9%
% Correct
Brooklyn Nine-Nineteen Eighty Four
90.7%
St. Elsewhere the Red Fern Grows
87.8%
Laugh-Insurgent
87.3%
Full House on Mango Street
87.2%
Roseanne of Green Gables
86.8%
Gossip Girl with the Dragon Tattoo
86.8%
Malcolm in the Middlemarch
86.2%
Deadliest Catcher in the Rye
86%

You're not logged in!

Compare scores with friends on all Sporcle quizzes.
Join for Free
OR
Log In

You Might Also Like...

Show Comments

Extras

Top Quizzes Today


Score Distribution

Your Account Isn't Verified!

In order to create a playlist on Sporcle, you need to verify the email address you used during registration. Go to your Sporcle Settings to finish the process.

Report this User

Report this user for behavior that violates our Community Guidelines.

Details: